| 000 | 00000nam##2200000za#4500 |
| 001 | 9.602536 |
| 003 | CaOODSP |
| 005 | 20230801131714 |
| 007 | cr ||||||||||| |
| 008 | 150406|2002||||xxc|||||o f|0| 0 fre|d |
| 040 | |aCaOODSP|bfre |
| 043 | |an-cn--- |
| 086 | 1 |aPS83-6/28F-PDF |
| 110 | 2 |aService correctionnel Canada. |bDirection de la recherche. |
| 245 | 10|aBibliographie sélective et annotée : justice réparatrice / |h[ressource électronique]|c[par] Shelley Trevethan et Amey Bell. |
| 260 | |bService correctionnel Canada. |cSeptembre 2002. |
| 300 | |a75p. |
| 490 | 1 |aRapport de synthèse|v[N° B-28] |
| 590 | |a11-28-Supp|b2011-11-17 |
| 720 | 1 |aTrevethan, Shelley |
| 720 | 1 |aBell, Amey |
| 775 | 08|tSelected annotated bibliography - restorative justice / |w(CaOODSP)9.572124 |
| 830 | #0|aRapport de synthèse (Service correctionnel Canada)|v[N° B-28]|w(CaOODSP)9.503042 |
| 856 | 40|ahttp://publications.gc.ca|qPDF|s194 Ko|uhttps://publications.gc.ca/collections/collection_2011/scc-csc/PS83-6-28-fra.pdf|y[N° B-28] |